<?xml version="1.0" encoding="UTF-8"?><?xml-stylesheet type="text/xsl" href="static/style.xsl"?><OAI-PMH xmlns="http://www.openarchives.org/OAI/2.0/" xmlns:xsi="http://www.w3.org/2001/XMLSchema-instance" xsi:schemaLocation="http://www.openarchives.org/OAI/2.0/ http://www.openarchives.org/OAI/2.0/OAI-PMH.xsd"><responseDate>2026-04-13T06:41:09Z</responseDate><request verb="GetRecord" identifier="oai:www.recercat.cat:2072/422815" metadataPrefix="marc">https://recercat.cat/oai/request</request><GetRecord><record><header><identifier>oai:recercat.cat:2072/422815</identifier><datestamp>2024-10-29T15:23:49Z</datestamp><setSpec>com_2072_98</setSpec><setSpec>col_2072_378197</setSpec></header><metadata><record xmlns="http://www.loc.gov/MARC21/slim" xmlns:dcterms="http://purl.org/dc/terms/" xmlns:xsi="http://www.w3.org/2001/XMLSchema-instance" xmlns:doc="http://www.lyncode.com/xoai" xsi:schemaLocation="http://www.loc.gov/MARC21/slim http://www.loc.gov/standards/marcxml/schema/MARC21slim.xsd">
   <leader>00925njm 22002777a 4500</leader>
   <datafield ind2=" " ind1=" " tag="042">
      <subfield code="a">dc</subfield>
   </datafield>
   <datafield ind2=" " ind1=" " tag="720">
      <subfield code="a">Serrano Mancilla, Alfredo</subfield>
      <subfield code="e">author</subfield>
   </datafield>
   <datafield ind2=" " ind1=" " tag="720">
      <subfield code="a">Universitat Autònoma de Barcelona. Departament d'Economia Aplicada</subfield>
      <subfield code="e">author</subfield>
   </datafield>
   <datafield ind2=" " ind1=" " tag="260">
      <subfield code="c">2006</subfield>
   </datafield>
   <datafield ind2=" " ind1=" " tag="520">
      <subfield code="a">The VAT is the most revenue tax in the Spanish economy in the year 2000. The aim of this research is to develop an analysis dissintegrated of the distributional effect of the current VAT in Spain, that is to say, this paper assesses the capacity of redistribution of the tax treatment of each expenditure category. It proposes different approaches for the analysis of the redistributive impact differential of each expenditure concept, and it desires to advocate the method of total decomposition of isolated contribution to the global distributional effect of the VAT. In this sense, this study shows the possibilities to identify the guidelines for possible fiscal adjustments of the Value Added Tax to contribute positively to the objectives of social justice, and its respective consequences on the population's welfare.</subfield>
   </datafield>
   <datafield tag="653" ind2=" " ind1=" ">
      <subfield code="a">Impostos sobre el valor afegit Espanya</subfield>
   </datafield>
   <datafield tag="653" ind2=" " ind1=" ">
      <subfield code="a">Renda Distribució Espanya</subfield>
   </datafield>
   <datafield ind2="0" ind1="0" tag="245">
      <subfield code="a">Impacto redistributivo desagregado del IVA actual en España : posibles vías de reforma</subfield>
   </datafield>
</record></metadata></record></GetRecord></OAI-PMH>